| 000 | 00847nam a2200241 u 4500 | ||
|---|---|---|---|
| 005 | 20241018063720.0 | ||
| 008 | 120209s2011 mx r 000 0 spa d | ||
| 020 | _a9786074131116 | ||
| 035 | _aUPN01000183376 | ||
| 049 | _aCG | ||
| 050 | 4 |
_aKGF5546 _bR6.8 |
|
| 100 | 1 | _aRosales Mendoza, Adriana Leona | |
| 245 | 1 | 0 |
_aSexualidad, derechos y violencia : _benfoques y conceptos para la enseñanza / _cAdriana Leona Rosales Mendoza. |
| 260 |
_aMéxico : _bUPN, _c2011. |
||
| 300 |
_a94 p. : _bil., cuadros |
||
| 440 | 0 | _aPolvo de gis | |
| 590 | _a(También localizas un ejemplar en el "área de reserva") | ||
| 650 | 4 |
_aSEXO Y DERECHO - _zMEXICO _914828 |
|
| 650 | 4 |
_aEducación sexual para la juventud _91513 |
|
| 650 | 4 |
_aDELITOS SEXUALES - _zMEXICO _914829 |
|
| 650 | 4 |
_aDerechos humanos _zDistrito Federal (México) _914561 |
|
| 905 | _aLibro | ||
| 999 |
_c155479 _d155479 |
||